มุมมองปกติ
มุมมองแบบ MARC
- กองทุนส่งเสริมศิลปะร่วมสมัย
รายการ Corporate Name
001 - CONTROL NUMBER
- control field: 48161
003 - CONTROL NUMBER IDENTIFIER
- control field: NALT
005 - DATE AND TIME OF LATEST TRANSACTION
- control field: 20201028094409.0
008 - FIXED-LENGTH DATA ELEMENTS
- fixed length control field: 201028|| aca||aabn | a|a d
040 ## - CATALOGING SOURCE
- Original cataloging agency: NALT
110 ## - HEADING--CORPORATE NAME
- Corporate name or jurisdiction name as entry element: กองทุนส่งเสริมศิลปะร่วมสมัย
- General subdivision: รายงานประจำปี
- Chronological subdivision: 2562
